| 000 | 00847nam a2200265 a 4500 | ||
|---|---|---|---|
| 001 | 1251 | ||
| 005 | 20231124100426.0 | ||
| 020 | _a078073004997 | ||
| 020 | _a9780590462778 | ||
| 040 |
_aDLC _cDLC _beng |
||
| 050 | 0 | 0 |
_aPZ7.S75663 _bSc 1991 |
| 082 | 0 | 0 |
_a813 _220 |
| 100 | 1 | _aSpinelli, Jerry | |
| 245 | 1 | 0 |
_areport to the principal's office / _cJerry Spinelli. |
| 260 |
_aNew York : _bScholastic, _c1991 |
||
| 300 |
_a134 pages : _c20 cm _bIllustrator |
||
| 500 | _a"An Apple paperback." | ||
| 505 | _aR | ||
| 520 | _aFour completely different students at Plumstead Middle School have one thing in common. They are all about to report to the principal's office. | ||
| 521 |
_a700
_bLexile |
||
| 521 |
_aR
_bRaz-Plus |
||
| 650 | 1 |
_aSchools _xFiction. |
|
| 906 |
_a7 _bcbc _corignew _d2 _encip _f19 _gy-gencatlg |
||
| 942 |
_2ddc _cBK _n0 |
||
| 999 |
_c1251 _d1251 |
||